| 000 | 00842cab a2200265 4500 | ||
|---|---|---|---|
| 001 | WB2801-58 | ||
| 008 | 090401t1991 xxu||||| |||| 00| 0 eng d | ||
| 035 | _a(Sirsi) u52537 | ||
| 041 | _aeng | ||
| 245 | _aSimplified planning zones | ||
| 260 | _c1991 | ||
| 350 | _a0 | ||
| 490 |
_aDoE News Release _v(816) 19 December 1991 (2) |
||
| 520 | _aThe procedures required to creat simplified planning zones are to be rationalised and speeded up, according to measures outlined in a government consultation paper. | ||
| 650 | _aDEVELOPMENT | ||
| 650 | _aPLANNING PERMISSION | ||
| 650 | _aPLANNING POLICY GUIDANCE NOTE 5 | ||
| 650 | _aPUBLIC INQUIRIES | ||
| 650 | _aPUBLICITY | ||
| 650 | _aSPZS | ||
| 650 | _aTOWN AND COUNTRY PLANNING ACT 1990 SCHED 7 | ||
| 690 | _aPLANNING LAW AND PRACTICE | ||
| 942 | _n0 | ||
| 948 | _c04/03/1997 | ||
| 999 |
_c32518 _d32518 |
||